[Event "CZE-ch U16 Girls"]
[Site "Sec u Chrudimi"]
[Date "2007.03.17"]
[Round "9"]
[White "Madlova, Tereza"]
[Black "Zpevakova, Katerina"]
[Result "1-0"]
[WhiteElo "1250"]
[BlackElo "1100"]
[PlyCount "109"]
[EventDate "2007.03.10"]
[EventType "swiss"]
[EventRounds "9"]
[EventCountry "CZE"]
[SourceTitle "EXT 2008"]
[Source "ChessBase"]
[SourceDate "2007.11.25"]
[SourceVersion "1"]
[SourceVersionDate "2007.11.25"]
[SourceQuality "1"]

1. e4 e5 2. Nf3 Nc6 3. Nc3 Nf6 4. Bb5 Bb4 5. d3 d6 6. Bg5 h6 7. Bh4 g5 8. Bg3 d5 9. Nxe5 d4 10. Nxc6 bxc6 11. Bxc6+ Bd7 12. Bxa8 Qxa8 13. a3 Qb7 14. axb4 Qxb4 15. Ra4 Bxa4 16. Be5 Ke7 17. Qf3 Re8 18. Qxf6+ Kd7 19. Bxd4 Qxb2 20. 0-0 Qxc2 21. Nxa4 Qxa4 22. Qxf7+ Kc8 23. Bxa7 Kd8 24. Qd5+ Kc8 25. Be3 Rd8 26. Qc4 Qa3 27. Rd1 Kb8 28. h3 Rh8 29. Rb1+ Kc8 30. Rb3 Qa1+ 31. Kh2 Qe5+ 32. g3 h5 33. Bd4 Qd6 34. Bxh8 h4 35. Qg8+ Qd8 36. Qxd8+ Kxd8 37. gxh4 gxh4 38. Bf6+ Kd7 39. Bxh4 Kd6 40. Bg3+ Kc6 41. Bxc7 Kxc7 42. Rb5 Kc6 43. Rh5 Kd6 44. e5+ Ke6 45. Kg3 Ke7 46. Rh6 Kf7 47. Kg4 Kg7 48. Kg5 Kf7 49. e6+ Kg7 50. e7 Kf7 51. e8Q+ Kxe8 52. Rh7 Kf8 53. Ra7 Ke8 54. Kf6 Kf8 55. Ra8# 1-0

[Event "CZE-ch U16 Girls"]
[Site "Sec u Chrudimi"]
[Date "2007.03.12"]
[Round "4"]
[White "Baloghova, Darina"]
[Black "Madlova, Tereza"]
[Result "1-0"]
[WhiteElo "1250"]
[BlackElo "1250"]
[PlyCount "55"]
[EventDate "2007.03.10"]
[EventType "swiss"]
[EventRounds "9"]
[EventCountry "CZE"]
[SourceTitle "EXT 2008"]
[Source "ChessBase"]
[SourceDate "2007.11.25"]
[SourceVersion "1"]
[SourceVersionDate "2007.11.25"]
[SourceQuality "1"]

1. d4 d5 2. Nf3 Nf6 3. e3 Bf5 4. Bd3 e6 5. c3 Nc6 6. 0-0 Bd6 7. Qc2 Ne7 8. Nbd2 0-0 9. Re1 Bg6 10. e4 Bf4 11. g3 Bh6 12. Ne5 dxe4 13. Nxe4 Bxc1 14. Nxf6+ gxf6 15. Nxg6 fxg6 16. Raxc1 Qd5 17. b3 Rad8 18. Bc4 Qc6 19. Rxe6 Qxe6 20. Bxe6+ Kh8 21. Re1 c6 22. Re4 Nf5 23. Bxf5 gxf5 24. Rf4 Rde8 25. Rxf5 Re6 26. Rh5 Rf7 27. Qf5 Kg8 28. Qg4+ 1-0

[Event "CZE-ch U16 Girls"]
[Site "Sec u Chrudimi"]
[Date "2007.03.10"]
[Round "1"]
[White "Prokopova, Jirina"]
[Black "Madlova, Tereza"]
[Result "1-0"]
[WhiteElo "1744"]
[BlackElo "1250"]
[PlyCount "91"]
[EventDate "2007.03.10"]
[EventType "swiss"]
[EventRounds "9"]
[EventCountry "CZE"]
[SourceTitle "EXT 2008"]
[Source "ChessBase"]
[SourceDate "2007.11.25"]
[SourceVersion "1"]
[SourceVersionDate "2007.11.25"]
[SourceQuality "1"]

1. e4 e5 2. Nf3 Nc6 3. d4 d6 4. dxe5 dxe5 5. Qxd8+ Nxd8 6. Nxe5 Bd6 7. Nf3 Nf6 8. e5 Bxe5 9. Nxe5 0-0 10. Be3 Bf5 11. Bd3 Be6 12. Nc3 b6 13. 0-0-0 Nb7 14. Ne4 Nxe4 15. Bxe4 Bc8 16. Nc6 Re8 17. Bf3 Nd6 18. Ne7+ Rxe7 19. Bxa8 Be6 20. Bd5 Bf5 21. Rhe1 Rd7 22. Bf4 h6 23. Bc6 Rd8 24. Re7 g5 25. Bg3 Rc8 26. Bxd6 cxd6 27. Rxd6 Kg7 28. Be4 Rc5 29. Bxf5 Rxf5 30. f3 g4 31. fxg4 Rf1+ 32. Kd2 Rf2+ 33. Re2 Rf4 34. h3 Rf1 35. Rd7 a5 36. Rb7 Ra1 37. a3 Rf1 38. Rxb6 Rf4 39. Ke3 Rc4 40. Rf2 Rc5 41. Rb7 Kg6 42. Rbxf7 Rc6 43. h4 h5 44. gxh5+ Kxh5 45. Rg7 Re6+ 46. Kd4 1-0